Introduction to Problem Theory & mathematical Statistics (Record no. 275039)
[ view plain ]
| 000 -LEADER | |
|---|---|
| fixed length control field | 00261 a2200097 4500 |
| 001 - CONTROL NUMBER | |
| control field | 39966 |
| 090 ## - LOCALLY ASSIGNED LC-TYPE CALL NUMBER (OCLC); LOCAL CALL NUMBER (RLIN) | |
| -- | 24956 |
| -- | 24956 |
| 100 ## - MAIN ENTRY--PERSONAL NAME | |
| Personal name | Rohatgi V K |
| 245 ## - TITLE STATEMENT | |
| Title | Introduction to Problem Theory & mathematical Statistics |
| 260 ## - PUBLICATION, DISTRIBUTION, ETC. | |
| Place of publication, distribution, etc. | New Delhi |
| Name of publisher, distributor, etc. | Wiley Eastern Ltd |
| Date of publication, distribution, etc. | 1988 |
| 942 ## - ADDED ENTRY ELEMENTS (KOHA) | |
| Institution code [OBSOLETE] | NUST-CAE |
| Koha item type | |
| -- | |
| Withdrawn status | Lost status | Damaged status | Not for loan | Collection code | Permanent Location | Current Location | Date acquired | Total Checkouts | Barcode | Date last seen | Price effective from | Koha item type |
|---|---|---|---|---|---|---|---|---|---|---|---|---|
| College of Aeronautical Engineering (CAE) | College of Aeronautical Engineering (CAE) | 04/03/2017 | CAE61262 | 04/05/2017 | 04/05/2017 | Book |
